| 000 | 01001nam a2200265 i 4500 | ||
|---|---|---|---|
| 001 | 185861 | ||
| 003 | SpMaBN | ||
| 005 | 20250926063102.0 | ||
| 008 | 160816s1986 sp |||| | spa d | ||
| 020 | _a84-297-2456-7 | ||
| 080 | _a291.4 | ||
| 100 | 1 |
_aJames, William, _d1842-1910 _965978 |
|
| 245 | 1 | 4 |
_aLas variedades de la experiencia religiosa _b: estudio de la naturaleza humana / _cWilliam James ; versión castellana de J.F. Yvars ; prólogo de José Luis L. Aranguren. |
| 250 | _a1ª ed. | ||
| 260 |
_aBarcelona : _bPenínsula, _c1986. |
||
| 300 |
_a391 p. ; _c21 cm. |
||
| 490 | 1 |
_aHistoria, ciencia, sociedad ; _v199 |
|
| 504 | _aReferencias bibliográficas. | ||
| 650 | 7 |
_aExperiencia religiosa. _9157328 |
|
| 700 | 1 |
_aIvars, José-Francisco. _965661 |
|
| 700 | 1 |
_aAranguren, José Luis L., _d1909-1996 _922315 |
|
| 830 | 0 | 0 |
_aHistoria, ciencia, sociedad (Península) _v199 _9177444 |
| 852 |
_aES-MaACL _jL-30560 _z. - Donat. Miguel A. Velasco |
||
| 999 |
_c185861 _d185861 |
||